Vornamen der WM 2018 Fußballspielern - Statistiken

Allgemein
  • Dieses Quiz wurde 5.127 mal gespielt
  • Das Durchschnittsergebnis liegt bei 30 aus 42
Antwortstatistiken
Team Vorname Nachnam % Korrekt
Deutschland Manuel Neuer
100%
Deutschland Toni Kroos
99%
Deutschland Mesut Özil
97%
Deutschland Timo Werner
97%
Deutschland Antonio Rüdiger
96%
Polen Robert Lewandowski
96%
Portugal Christiano Ronaldo
95%
Argentinien Lionel Messi
95%
Kroatien Luka Modrić
95%
England Harry Kane
94%
Frankreich Paul Pogba
93%
Belgien Kevin De Bruyne
91%
Ägypten Mohamed Salah
91%
Senegal Sadio Mane
91%
Belgien Eden Hazard
88%
Frankreich Hugo Lloris
87%
Uruguay Luis Suarez
87%
Kroatien Ivan Rakitić
86%
Kolumbien James Rodriguez
86%
Frankreich Kylian Mbappe
86%
Frankreich Antoine Griezmann
82%
Schweiz Granit Xhaka
82%
Belgien Romelu Lukaku
82%
England Raheem Sterling
79%
England Dele Alli
75%
Spanien Andrés Iniesta
73%
Südkorea Heungmin Son
69%
Belgien Thorgan Hazard
69%
Spanien David Silva
68%
Spanien Diego Costa
68%
Frankreich Blaise Matuidi
66%
Schweuz Xherdan Shaqiri
65%
Nigeria Victor Moses
45%
Serbien Nemanja Matić
38%
Marokko Medhi Benatia
33%
Russland Igor Akinfeev
32%
Island Gylfi Sigurdsson
31%
Serbien Aleksandar Mitrović
30%
Japan Keisuke Honda
22%
Schweden Ola Toivonen
16%
Schweden Andreas Granqvist
14%
Russland Artjom Dsjuba
12%
Keine übereinstimmenden Quizze gefunden
Verteilung der Resultate
Anzahl Personen mit jedem Resultat
Perzentil nach korrekt beantworteten Fragen
Ihre Resultats-Entwicklung
Sie haben dieses Quiz noch nicht gespielt